01943nam a2200373 a 4500001001200000003000800012006001900020007001500039008004100054010001700095015001900112016001800131020003100149020002800180040002100208035002100229043001200250050002400262082002000286100002200306245012900328260004800457300002400505504006400529505053100593533015201124650003401276650003601310650003401346655002901380710001701409856012601426999001701552ebr10315696CaPaEBRm u cr cn|||||||||070920s2008 ctua sb 001 0 eng  z 2007038338 aGBA8476582bnb7 z0145665182Uk z9780300123531 (alk. paper) z0300123531 (alk. paper) aCaPaEBRcCaPaEBR a(OCoLC)567973978 an-us---14aHJ8119b.Y37 2008eb04a336.3/409732221 aYarrow, Andrew L.10aForgive us our debtsh[electronic resource] :bthe intergenerational dangers of fiscal irresponsibility /cAndrew L. Yarrow. aNew Haven :bYale University Press,cc2008. axii, 171 p. :bill. aIncludes bibliographical references (p. 139-165) and index.0 aWhat are deficits and debt, and why are they growing? -- Balancing and unbalancing our budget : a history of government debt in the United States -- How deficits are funded -- How deficits and debt affect America and you -- The potential dangers of doing nothing, or fiddling while our economy goes up in smoke -- The politics of deficits and debt -- What can and should be done to reduce America's deficits and debt? -- Concluding thoughts : a nation that balances its books and a government that invests in America's future. aElectronic reproduction.bPalo Alto, Calif. :cebrary,d2013.nAvailable via World Wide Web.nAccess may be limited to ebrary affiliated libraries. 0aDebts, PubliczUnited States. 0aBudget deficitszUnited States. 0aFiscal policyzUnited States. 7aElectronic books.2local2 aebrary, Inc.40uhttp://site.ebrary.com/lib/rucke/Doc?id=10315696zAn electronic book accessible through the World Wide Web; click to view c57172d57172